FC Barcelona - Strzelcy Bramek w LM (2010-2019) - Statystyki

Ogólne statystyki
  • Ten quiz został rozwiązany 171 razy
  • Średni wynik to 16 z 34
Statystyki odpowiedzi
Bramki Narodowość Zawodnik % Poprawnych
95 Argentyńczyk Lionel Messi
100%
23 Urugwajczyk Luis Suarez
100%
21 Brazylijczyk Neymar
98%
6 Hiszpan Andres Iniesta
95%
5 Hiszpan Xavi Hernandez
92%
6 Chorwat Ivan Rakitic
89%
3 Szwed Zlatan Ibrahimovic
81%
3 Chilijczyk Alexis Sanchez
77%
13 Hiszpan Pedro Rodriguez
76%
4 Turek Arda Turan
73%
10 Hiszpan Gerard Pique
73%
8 Hiszpan David Villa
70%
5 Brazylijczyk Dani Alves
68%
3 Hiszpan Jordi Alba
68%
2 Hiszpan Sergio Busquets
65%
3 Brazylijczyk Philippe Coutinho
46%
4 Francuz Ousmane Dembele
41%
1 Malijczyk Seydou Keita
40%
3 Hiszpan Cesc Fabregas
35%
3 Hiszpan Sergi Roberto
35%
1 Francuz Antoine Griezmann
33%
1 Brazylijczyk Adriano
21%
1 Brazylijczyk Rafinha
20%
1 Hiszpan Bojan Krkic
18%
1 Hiszpan Ansu Fati
14%
4 Hiszpan Cristian Tello
11%
1 Hiszpan Paco Alcacer
9%
1 Brazylijczyk Malcom
8%
1 Hiszpan Martin Montoya
6%
1 Francuz Lucas Digne
5%
1 Hiszpan Carles Perez
1%
1 Hiszpan Sandro Ramirez
1%
1 Hiszpan Victor Vazquez
1%
1 Hiszpan Andreu Fontas
0%
Nie znaleziono quizów pasujących do podanych kryteriów
Rozkład punktacji
Procent ludzi z każdym wynikiem
Percentyl według liczby udzielonych odpowiedzi
Twoja historia wyników
Nie rozwiązałeś tego quizu